Inventarizácia a vykazovanie zúčtovacích vzťahov v účtovnej závierke
Povinnosť účtovnej jednotky inventarizovať majetok a tým inventarizovať aj zúčtovacie vzťahy. Vykonanie inventarizácie. Inventarizačné rozdiely. Zúčtovacie vzťahy v súvahe. Súvahové aktíva. Informácie o zúčtovacích vzťahoch v poznámkach.
Saved in:
| Main Author: | |
|---|---|
| Format: | Book Chapter |
| Language: | Slovak |
| Subjects: | |
| Tags: |
No Tags, Be the first to tag this record!
|
MARC
| LEADER | 00000naa$a2200000$$$4500 | ||
|---|---|---|---|
| 001 | 0062351 | ||
| 005 | 20240502071713.9 | ||
| 041 | 0 | |a slo | |
| 044 | |a SK | ||
| 245 | 1 | 0 | |a Inventarizácia a vykazovanie zúčtovacích vzťahov v účtovnej závierke |c Ján Bolgáč |
| 520 | |a Povinnosť účtovnej jednotky inventarizovať majetok a tým inventarizovať aj zúčtovacie vzťahy. Vykonanie inventarizácie. Inventarizačné rozdiely. Zúčtovacie vzťahy v súvahe. Súvahové aktíva. Informácie o zúčtovacích vzťahoch v poznámkach. | ||
| 610 | 2 | 0 | |a účtovníctvo |
| 610 | 2 | 0 | |a účtovanie |
| 610 | 2 | 0 | |a inventarizácia |
| 610 | 2 | 0 | |a majetok |
| 610 | 2 | 0 | |a pohľadávky |
| 610 | 2 | 0 | |a záväzky |
| 610 | 2 | 0 | |a aktíva |
| 610 | 2 | 0 | |a pasíva |
| 610 | 2 | 0 | |a súvaha |
| 610 | 2 | 0 | |a vzťahy zúčtovacie |
| 610 | 2 | 0 | |a závierka účtovná |
| 100 | 1 | |a Bolgáč, Ján, 1959- | |